Nguồn gốc văn minh

Trình bày những điều kiện tổng quát của văn minh. Phân tích các yếu tố kinh tế, chính trị, luân lí và tinh thần của văn minh.

Gardado en:
Detalles Bibliográficos
Autor Principal: Durant, Will
Outros autores: Nguyễn Hiến Lê (Dịch)
Formato: Libro
Idioma:Vietnamese
Publicado: H. Hồng Đức 2021
Series:The lessons of history
Những chủ đề:
Các nhãn: Engadir etiqueta
Sen Etiquetas, Sexa o primeiro en etiquetar este rexistro!
Thư viện lưu trữ: Thư viện Trường Đại học Nam Cần Thơ
LEADER 00984nam a22002177a 4500
001 NCT_95850
008 220117b xxu||||| |||| 00| 0 vie d
999 |c 4763  |d 4763 
020 |a 9786043214062  |c 105000 
082 0 4 |2 23rd ed.  |a 901  |b D951 
100 1 |a Durant, Will 
245 1 0 |a Nguồn gốc văn minh  |c Will Durant ; Nguyễn Hiến Lê (Dịch) 
260 |a H.  |b Hồng Đức  |c 2021 
300 |a 218 tr.  |b Minh họa  |c 21cm 
490 0 |a The lessons of history 
520 3 |a Trình bày những điều kiện tổng quát của văn minh. Phân tích các yếu tố kinh tế, chính trị, luân lí và tinh thần của văn minh. 
653 |a Tham khảo 
700 1 |a Nguyễn Hiến Lê   |e Dịch 
942 |2 ddc  |c BK 
952 |0 0  |1 0  |2 ddc  |4 0  |6 901_000000000000000_D951  |7 0  |9 22141  |a 000001  |b 000001  |d 2022-01-17  |o 901 D951  |p TK.02631  |r 2022-01-17  |v 105000.00  |w 2022-01-17  |y BK 
980 |a Thư viện Trường Đại học Nam Cần Thơ